000 01637nam a2200241Ia 4500
008 260220t1977||||xx |||||||||||||| ||spa||
020 _a8471665549
040 _aPY-SlUNAC
_bspa
_erda
041 _aspa
082 _a401
_bL471l
245 0 _aLecturas de sociolingüística
264 _aMadrid :
_bEDAF,
_c℗1977.
300 _a1 volumen
520 _aEl libro "Lecturas de sociolingüística", publicado en 1977 por EDAF, se presenta como una recopilación de ensayos y estudios que exploran la intersección entre el lenguaje y la sociedad. A través de diversas contribuciones de expertos en el campo, se abordan temas fundamentales como la variación lingüística, el bilingüismo, la relación entre lengua y poder, y el impacto de factores sociales en el uso del lenguaje. Este texto es fundamental para entender cómo las dinámicas sociales influyen en la comunicación y cómo, a su vez, el lenguaje puede reflejar y reforzar estructuras sociales. La obra no solo proporciona un marco teórico sólido, sino que también incluye ejemplos prácticos de situaciones sociolingüísticas en contextos hispanohablantes, lo que permite una comprensión más profunda de la materia. En conjunto, "Lecturas de sociolingüística" se establece como un recurso valioso para estudiantes e investigadores interesados en el estudio del lenguaje en su dimensión social y cultural.
653 _aLengua
653 _aSociedad
653 _aSociolingüística
942 _b2026/02/17
_cBK
999 _c7269
_d7269